000 00421nam a2200157Ia 4500
008 210716s1999 xx 000 0 und d
020 _a0070307229
041 _aeng
082 _a657 LARK
100 _aLarson, Kermit D;Wild, John J;Chiappetta, Barbara.
245 _aFundamentals accounting principles.
250 _a15
260 _aNew Delhi
_bIrwin
_c1999
300 _axxxii,544,I-8
650 _aAccounting(657)
999 _c200762
_d200762